Vplyv niektorých predpokladov na zisk zmiešaného poistenia

Gespeichert in:
Bibliographische Detailangaben
1. Verfasser: Krčová, Ingrid, 1969-
Weitere Verfasser: Sakálová, Katarína, 1955-
Format: Buchkapitel
Sprache:Slowakisch
Tags: Tag hinzufügen
Keine Tags, Fügen Sie das erste Tag hinzu!

MARC

LEADER 00000naa$a2200000$$$4500
001 0094154
005 20240502083239.1
041 0 |a slo 
044 |a CZ 
245 1 0 |a Vplyv niektorých predpokladov na zisk zmiešaného poistenia  |c Ingrid Krčová, Katarína Sakálová 
100 1 |a Krčová, Ingrid, 1969- 
700 1 |a Sakálová, Katarína, 1955-